000 00441nab a2200145Ia 4500
003 ES-SlBCS
005 20210601124308.0
008 140529s1979 xxu||||| |||| 00| 0 eng d
041 _aeng
100 1 _aRozycki, Edward G.
_9139170
245 0 0 _aAre We Free to Choose Our Values? Response to Klein
_c Edward G. Rozycki
650 0 4 _aKlein
_9139321
773 0 _tEducational Theory
_gvol. 29, nº. 1, 1979, págs. 67-70
_wRev1399
942 _cAR
999 _c512476
_d512476